[Event "London Chess Classic FIDE Open"]
[Site "London ENG"]
[Date "2010.12.11"]
[Round "4"]
[White "Roy Chowdhury, Saptarshi"]
[Black "Thorhallsson, Throstur"]
[Result "1/2-1/2"]
[WhiteTitle "IM"]
[BlackTitle "GM"]
[WhiteElo "2448"]
[BlackElo "2367"]
[WhiteFideId "5002974"]
[BlackFideId "2300109"]
[EventDate "2010.12.08"]

1. d4 d5 2. Nf3 Nf6 3. e3 e6 4. Bd3 c5 5. O-O Nc6 6. c3 Bd6 7. Nbd2 O-O 8. c4
cxd4 9. exd4 b6 10. Re1 Bb7 11. cxd5 Nb4 12. Bb1 Bxd5 13. Ne5 Rc8 14. a3 Nc6 15.
Ndf3 Qc7 16. Bg5 Nd7 17. Qd3 g6 18. Nxd7 Qxd7 19. Ne5 Nxe5 20. dxe5 Be7 21. Bf6
Qd8 22. Bxe7 Qxe7 23. Qe3 Rfd8 24. Bd3 Qh4 25. Rac1 Kg7 26. Rxc8 Rxc8 27. h3 Qa4
28. Rc1 Rxc1+ 29. Qxc1 Qd4 30. Qc3 Qf4 31. Qe1 h5 32. Qe3 Qa4 33. Be2 Qc2 34. b4
Qb2 35. Kh2 Qc2 1/2-1/2

[Event "London Chess Classic FIDE Open"]
[Site "London ENG"]
[Date "2010.12.11"]
[Round "4"]
[White "Arkell, Keith C"]
[Black "Roberson, Peter T"]
[Result "1/2-1/2"]
[WhiteTitle "GM"]
[WhiteElo "2431"]
[BlackElo "2291"]
[WhiteFideId "400270"]
[BlackFideId "412384"]
[EventDate "2010.12.08"]

1. Nf3 b6 2. e4 Bb7 3. Nc3 Nf6 4. e5 Nd5 5. Nxd5 Bxd5 6. d4 e6 7. Bd3 c5 8. c4
Bxf3 9. Qxf3 Nc6 10. Be4 Nxd4 11. Qd3 Rc8 12. Be3 d6 13. Bxd4 cxd4 14. Qxd4 dxe5
15. Qxe5 Bb4+ 16. Kf1 O-O 17. a3 Rc5 18. Qf4 Bd2 19. Qf3 Rxc4 20. Bd3 Rd4 21.
Ke2 e5 22. Be4 Qd7 23. Qf5 Rd8 24. Qxh7+ Kf8 25. g3 Bh6 26. Kf3 Rd2 27. Kg2 Qd4
28. Rhf1 Rd6 29. Qh8+ Ke7 30. Qa8 Rd7 31. Rae1 1/2-1/2

[Event "London Chess Classic FIDE Open"]
[Site "London ENG"]
[Date "2010.12.11"]
[Round "4"]
[White "Andersen, Mads"]
[Black "Pena Gomez, Manuel"]
[Result "1-0"]
[WhiteTitle "FM"]
[BlackTitle "IM"]
[WhiteElo "2382"]
[BlackElo "2429"]
[WhiteFideId "1413864"]
[BlackFideId "2252813"]
[EventDate "2010.12.08"]

1. d4 Nf6 2. c4 e6 3. g3 c5 4. d5 exd5 5. cxd5 d6 6. Nc3 g6 7. Bg2 Bg7 8. Nf3
O-O 9. O-O Re8 10. Nd2 Nbd7 11. a4 b6 12. h3 Ba6 13. Nb5 Bxb5 14. axb5 Bf8 15.
Re1 a6 16. Qb3 axb5 17. Rxa8 Qxa8 18. Qxb5 Qa5 19. Qxa5 bxa5 20. Nc4 a4 21. Bd2
Ne4 22. Ba5 Ndf6 23. Rd1 Be7 24. Be1 h5 25. h4 Bf8 26. f3 Nxg3 27. Bxg3 Rxe2 28.
Bf1 Re8 29. Nxd6 Re3 30. Kg2 Rb3 31. Nc4 Nd7 32. Ra1 Bg7 33. Rxa4 Bxb2 34. Ra7
Nb6 35. Rb7 1-0

[Event "London Chess Classic FIDE Open"]
[Site "London ENG"]
[Date "2010.12.11"]
[Round "4"]
[White "Dukaczewski, Piotr"]
[Black "Rendle, Thomas E"]
[Result "1/2-1/2"]
[WhiteTitle "IM"]
[BlackTitle "IM"]
[WhiteElo "2297"]
[BlackElo "2400"]
[WhiteFideId "1103520"]
[BlackFideId "408760"]
[EventDate "2010.12.08"]

1. e4 e6 2. d4 d5 3. Nc3 Bb4 4. exd5 exd5 5. Bd3 Nc6 6. a3 Bxc3+ 7. bxc3 Nge7 8.
Qf3 Be6 9. Rb1 b6 10. Ne2 Qd7 11. O-O Bf5 12. Ng3 Bxd3 13. cxd3 O-O 14. Nh5 Qf5
15. Bf4 Nd8 16. Rfe1 Ne6 17. Re5 Qg6 18. Rbe1 Rad8 19. Bc1 Rd7 20. h4 h6 21. Ng3
c5 22. dxc5 bxc5 23. h5 Qh7 24. Qe2 Rd6 25. Qf3 Rfd8 26. a4 Ra6 27. Qd1 Nc6 28.
Rf5 Ne7 29. Rf3 c4 30. Ba3 Nc6 31. d4 Rb6 32. Nf5 Ng5 33. Rf4 Ne6 34. Qe2 Rbb8
35. Rf3 Ng5 36. Rf4 Ne6 37. Rf3 1/2-1/2

[Event "London Chess Classic FIDE Open"]
[Site "London ENG"]
[Date "2010.12.11"]
[Round "4"]
[White "Greenfeld, Alon"]
[Black "Prosviriakov, Vladimir"]
[Result "1-0"]
[WhiteTitle "GM"]
[BlackTitle "IM"]
[WhiteElo "2564"]
[BlackElo "2280"]
[WhiteFideId "2800039"]
[BlackFideId "2004860"]
[EventDate "2010.12.08"]

1. d4 e6 2. c4 f5 3. g3 Nf6 4. Bg2 c6 5. Bf4 d5 6. Nf3 Bb4+ 7. Nc3 O-O 8. O-O
Nbd7 9. Qb3 a5 10. Rac1 Kh8 11. c5 b6 12. Ng5 Qe8 13. cxb6 h6 14. Nf3 g5 15. Bc7
Ba6 16. a3 Bc4 17. Qc2 Bxc3 18. Qxc3 Ra6 19. Ne5 Bb5 20. a4 Bxa4 21. Ra1 Bb5 22.
Rxa5 Nb8 23. Bxb8 Qxb8 24. Rxa6 Bxa6 25. Qa3 Bxe2 26. Qxf8+ Qxf8 27. Ng6+ 1-0

[Event "London Chess Classic FIDE Open"]
[Site "London ENG"]
[Date "2010.12.11"]
[Round "4"]
[White "Willmoth, Robert F"]
[Black "Llaneza Vega, Marcos"]
[Result "0-1"]
[BlackTitle "IM"]
[WhiteElo "2238"]
[BlackElo "2479"]
[WhiteFideId "402540"]
[BlackFideId "2253585"]
[EventDate "2010.12.08"]

1. e4 c5 2. Nf3 d6 3. d3 g6 4. g3 Bg7 5. Bg2 Nc6 6. h4 Nf6 7. O-O Bg4 8. c3 Qd7
9. Re1 O-O 10. Qc2 Rac8 11. Nbd2 b5 12. Nf1 Rfd8 13. Ne3 Bh3 14. Bh1 Ne5 15. Ng5
c4 16. dxc4 bxc4 17. Nxh3 Qxh3 18. Bg2 Qe6 19. Rd1 Nd3 20. Rxd3 cxd3 21. Qxd3
Rb8 22. b3 Qc8 23. Bd2 e6 24. Rc1 Nd7 25. b4 Qc6 26. Qc2 Rdc8 27. a4 a6 28. a5
Qa8 29. c4 Qa7 30. Kh2 Bd4 31. Qb3 Ne5 32. Kh1 Qc7 33. b5 Bxe3 34. Bxe3 axb5 35.
cxb5 Qxa5 36. Rb1 Ng4 37. Bf1 Rc3 38. Qd1 Nxe3 39. Qxd6 Rd8 40. Qe7 Nxf1 41. b6
Rcd3 42. b7 Nxg3+ 43. fxg3 Rd1+ 0-1

[Event "London Chess Classic FIDE Open"]
[Site "London ENG"]
[Date "2010.12.11"]
[Round "4"]
[White "McDonald, Neil"]
[Black "Tate, Alan"]
[Result "1-0"]
[WhiteTitle "GM"]
[WhiteElo "2449"]
[BlackElo "2234"]
[WhiteFideId "400629"]
[BlackFideId "2401878"]
[EventDate "2010.12.08"]

1. e4 c5 2. Nf3 d6 3. d4 Nf6 4. Nc3 cxd4 5. Nxd4 a6 6. Be3 e5 7. Nf3 Qc7 8. a4
Be7 9. Be2 O-O 10. a5 Nc6 11. Bb6 Qb8 12. Nd5 Nxe4 13. Nc7 Be6 14. O-O Bd8 15.
Nxa8 Qxa8 16. Bxd8 Qxd8 17. c3 f5 18. Qa4 Rf6 19. Rfd1 Nc5 20. Qa3 Bb3 21. Nxe5
Nxe5 22. Qxc5 Qe7 23. Qd4 Bxd1 24. Bxd1 f4 25. Bb3+ Kf8 26. Qd5 Qf7 27. Ra4 Qxd5
28. Bxd5 Nc6 29. Kf1 g5 30. Rc4 Nxa5 31. Rc8+ Ke7 32. Rc7+ Kd8 33. Rxh7 Rf5 34.
Ba2 Rb5 35. b4 Nc6 36. Bc4 Rb6 37. Rg7 Ne5 38. Bd5 Rb5 39. Be4 Nd7 40. Ke2 Re5
41. Kd3 a5 42. Bxb7 axb4 43. cxb4 Rb5 44. Rg8+ Ke7 45. Bf3 Rxb4 46. Rxg5 Ne5+
47. Kc3 Rc4+ 48. Kb3 Rc1 49. Be4 Rh1 50. Rf5 Rxh2 51. Rxf4 Kd7 52. Kc3 Ke6 53.
Kd4 Rh1 54. Bd5+ Ke7 55. Ke3 Rd1 56. Rd4 Re1+ 57. Kf4 Kf6 58. Be4 Nf7 59. Rd5
Rf1 60. f3 Rh1 61. g4 Rh4 62. Ra5 Rh8 63. Ra7 Ng5 64. Rd7 Ne6+ 65. Kg3 Ke5 66.
Re7 Kf6 67. Ra7 Rb8 68. Ra4 Ke5 69. Ra5+ Nc5 70. g5 Rb4 71. Bh7 Ke6 72. f4 Rb7
73. Bg6 Nd7 74. Bf5+ Ke7 75. Bxd7 Rxd7 76. Kf3 Ke6 77. Ke4 Kf7 78. Rd5 1-0

[Event "London Chess Classic FIDE Open"]
[Site "London ENG"]
[Date "2010.12.11"]
[Round "4"]
[White "Hanley, Craig A"]
[Black "Anderton, Matthew N"]
[Result "1-0"]
[WhiteTitle "IM"]
[WhiteElo "2428"]
[BlackElo "2227"]
[WhiteFideId "408514"]
[BlackFideId "403237"]
[EventDate "2010.12.08"]

1. Nf3 Nf6 2. g3 g6 3. Bg2 Bg7 4. c4 O-O 5. Nc3 d6 6. d4 Nc6 7. O-O a6 8. b3 Rb8
9. Nd5 Nd7 10. Bb2 e6 11. Ne3 Ne7 12. Qc2 h6 13. Ne1 b6 14. Nd3 c5 15. dxc5 bxc5
16. Bxg7 Kxg7 17. Rad1 Qc7 18. Nf4 Ne5 19. Rd2 N7c6 20. Rfd1 Nd4 21. Qc3 g5 22.
Nd3 Bb7 23. Bxb7 Qxb7 24. Nc2 Qe4 25. Nc1 Nxc2 26. Rxc2 Rfd8 27. Rcd2 d5 28.
cxd5 exd5 29. f3 Qf5 30. Rxd5 Re8 31. Nd3 Rbd8 32. Nxe5 1-0

[Event "London Chess Classic FIDE Open"]
[Site "London ENG"]
[Date "2010.12.11"]
[Round "4"]
[White "Wohl, Aleksandar H."]
[Black "Hodgson, John H"]
[Result "1-0"]
[WhiteTitle "IM"]
[WhiteElo "2424"]
[BlackElo "2206"]
[WhiteFideId "3200345"]
[BlackFideId "403520"]
[EventDate "2010.12.08"]

1. Nf3 Nf6 2. g3 d5 3. Bg2 g6 4. c4 Bg7 5. cxd5 Nxd5 6. O-O Nc6 7. d4 Nb6 8. e3
O-O 9. Nc3 Re8 10. h3 h6 11. Rb1 Be6 12. b3 f5 13. Bb2 Qd7 14. Ne1 Nd5 15. Nd3
Nxc3 16. Bxc3 Qd6 17. Nc5 Bc8 18. b4 Nd8 19. b5 e5 20. Bb4 Qf6 21. dxe5 Qxe5 22.
Qb3+ Kh7 23. Rfd1 c6 24. a4 Qc7 25. Rbc1 Qb6 26. a5 Qc7 27. a6 bxa6 28. bxc6 Rb8
29. Nd7 Rb5 30. Qa3 Nf7 31. Bc3 Ne5 32. Bxe5 Bxe5 33. Bf1 Ra5 34. Qb3 Re7 35.
Qb4 Re8 36. Nf8+ Kg7 37. Rd7+ Bxd7 38. cxd7 Rxf8 39. Rxc7 Bxc7 40. Qc3+ 1-0

[Event "London Chess Classic FIDE Open"]
[Site "London ENG"]
[Date "2010.12.11"]
[Round "4"]
[White "Grant, Jonathan I M"]
[Black "Thomassen, Joachim"]
[Result "1/2-1/2"]
[BlackTitle "IM"]
[WhiteElo "2201"]
[BlackElo "2418"]
[WhiteFideId "2400294"]
[BlackFideId "1504991"]
[EventDate "2010.12.08"]

1. c4 e6 2. d4 Nf6 3. Nf3 c5 4. e3 cxd4 5. exd4 d5 6. Nc3 Be7 7. Bd3 dxc4 8.
Bxc4 O-O 9. O-O Nc6 10. Re1 Bd7 11. Bg5 Rc8 12. Qe2 Nb4 13. Ne5 Be8 14. Rad1
Nfd5 15. Nxd5 exd5 16. Bxe7 Qxe7 17. Bb3 Qd6 18. Qg4 Rc7 19. Re3 f6 20. Nd3 Nxd3
21. Rexd3 Bg6 22. Qg3 Rd8 23. Qxd6 Rxd6 24. Re3 Kf8 25. Rde1 Bf7 26. h4 Rdc6 27.
f3 Rc1 28. Kf2 Rxe1 29. Rxe1 Rc6 30. g4 h6 31. Ke3 Re6+ 32. Kd2 Rxe1 33. Kxe1
Ke7 34. Kd2 Kd6 35. Ke3 g5 36. hxg5 1/2-1/2

[Event "London Chess Classic FIDE Open"]
[Site "London ENG"]
[Date "2010.12.11"]
[Round "4"]
[White "Spivack, Simon S Y"]
[Black "Astaneh Lopez, Alex"]
[Result "0-1"]
[BlackTitle "FM"]
[WhiteElo "2189"]
[BlackElo "2405"]
[WhiteFideId "404780"]
[BlackFideId "2501430"]
[EventDate "2010.12.08"]

1. Nf3 Nf6 2. g3 d5 3. Bg2 g6 4. O-O Bg7 5. d3 O-O 6. c3 Re8 7. Bf4 h6 8. Qc1
Kh7 9. e4 dxe4 10. Ne5 Rf8 11. dxe4 Nh5 12. Rd1 Nxf4 13. gxf4 Qe8 14. Na3 c6 15.
Rd3 f6 16. Nec4 Na6 17. Qe3 h5 18. b4 Nc7 19. Qg3 f5 20. Re1 Qf7 21. Rde3 Bf6
22. exf5 Bxf5 23. Ne5 Qg7 24. Nac4 h4 25. Qf3 Nd5 26. R3e2 Qh6 27. Ng4 Bxg4 28.
Qxg4 Qxf4 29. Qd7 Rad8 30. Qxb7 Qg5 31. Kh1 Nf4 32. Rxe7+ Kg8 33. Bf1 Bxe7 34.
Rxe7 Qg2+ 0-1

[Event "London Chess Classic FIDE Open"]
[Site "London ENG"]
[Date "2010.12.11"]
[Round "4"]
[White "Barle, Janez"]
[Black "Ethelontis, Alexandros N"]
[Result "1-0"]
[WhiteTitle "IM"]
[WhiteElo "2403"]
[BlackElo "2187"]
[WhiteFideId "14600021"]
[BlackFideId "405469"]
[EventDate "2010.12.08"]

1. e4 e6 2. d4 d5 3. e5 c5 4. c3 Qb6 5. Nf3 Bd7 6. Be2 cxd4 7. cxd4 Bb5 8. Nc3
Bxe2 9. Nxe2 Ne7 10. h4 Nd7 11. Rh3 Nc6 12. Kf1 h6 13. h5 O-O-O 14. a3 Kb8 15.
Kg1 Be7 16. Rg3 Rhg8 17. Qc2 Na5 18. b4 Qc6 19. Nc3 Rc8 20. bxa5 Qxc3 21. Qxc3
Rxc3 22. Bxh6 Rh8 23. Bd2 Rb3 24. Rxg7 Bxa3 25. Rxf7 Kc8 26. h6 Kd8 27. Rg7 Bf8
28. Rc1 Bxg7 29. hxg7 Rg8 30. Bg5+ Ke8 31. Rc8+ Kf7 32. Rc7 Kg6 33. Rxd7 Rxg7
34. Rd8 Rh7 35. Bd2 Rb1+ 36. Be1 b5 37. axb6 axb6 38. Rd6 Kf5 39. Kf1 Rg7 40. g3
Ra7 41. Ke2 Ra2+ 42. Bd2 b5 43. Rd8 b4 44. Rg8 Rxd2+ 45. Nxd2 Ra1 46. Rb8 Ra4
47. Rb6 b3 48. Nxb3 Ra2+ 49. Ke3 Ra3 50. f3 1-0

[Event "London Chess Classic FIDE Open"]
[Site "London ENG"]
[Date "2010.12.11"]
[Round "4"]
[White "Gavriel, Tryfon C"]
[Black "Cox, John J"]
[Result "0-1"]
[BlackTitle "IM"]
[WhiteElo "2170"]
[BlackElo "2398"]
[WhiteFideId "403105"]
[BlackFideId "401064"]
[EventDate "2010.12.08"]

1. Nf3 Nf6 2. c4 g6 3. Nc3 Bg7 4. g3 O-O 5. Bg2 d6 6. O-O e5 7. d3 h6 8. Rb1 a5
9. a3 Re8 10. b4 axb4 11. axb4 e4 12. Ne1 Bf5 13. Nc2 Qc8 14. Ne3 Bh3 15. Bb2
Bxg2 16. Kxg2 exd3 17. exd3 c6 18. Ra1 Nbd7 19. Rxa8 Qxa8 20. Qc2 h5 21. Ra1 Qc8
22. c5 dxc5 23. Nc4 Qc7 24. bxc5 Nxc5 25. Na4 Nxa4 26. Qxa4 b5 27. Qa5 Qd7 28.
Ne3 Qxd3 29. Qa7 Ng4 30. Nxg4 hxg4 31. Bxg7 Kxg7 32. Qc5 Qd5+ 33. Qxd5 cxd5 34.
Rb1 Rb8 35. Rb4 f5 36. Rd4 b4 37. Rxd5 b3 38. Rd1 b2 39. Rb1 Kf6 40. f3 Ke5 41.
fxg4 fxg4 42. h3 Kd4 43. hxg4 Kc3 0-1

[Event "London Chess Classic FIDE Open"]
[Site "London ENG"]
[Date "2010.12.11"]
[Round "4"]
[White "Pedersen, Carsten"]
[Black "Hennigan, Michael T"]
[Result "0-1"]
[BlackTitle "IM"]
[WhiteElo "2154"]
[BlackElo "2388"]
[WhiteFideId "1409760"]
[BlackFideId "400858"]
[EventDate "2010.12.08"]

1. e4 c5 2. Nc3 e6 3. g3 Nc6 4. Bg2 Nf6 5. Nge2 Be7 6. O-O O-O 7. d3 Rb8 8. h3
b5 9. a3 a5 10. Be3 d6 11. Nf4 Nd4 12. Nb1 a4 13. Nd2 e5 14. Ne2 d5 15. Nc3 Bb7
16. Bxd4 cxd4 17. Nxd5 Nxd5 18. exd5 Bxd5 19. Re1 f6 20. b3 Ra8 21. b4 Rc8 22.
Bxd5+ Qxd5 23. f4 Qd7 24. Qg4 Qxg4 25. hxg4 Rxc2 26. Nf3 Bd6 27. Rac1 Rfc8 28.
Rxc2 Rxc2 29. fxe5 fxe5 30. Nxe5 Rc3 31. Nd7 Rxd3 32. Re6 Bxg3 33. Rb6 Rxa3 34.
Rxb5 d3 35. Rd5 Bf4 36. Kf2 d2 0-1

[Event "London Chess Classic FIDE Open"]
[Site "London ENG"]
[Date "2010.12.11"]
[Round "4"]
[White "Gullaksen, Eirik"]
[Black "Harari, Zaki"]
[Result "1-0"]
[WhiteTitle "IM"]
[WhiteElo "2364"]
[BlackElo "2197"]
[WhiteFideId "1500945"]
[BlackFideId "2002639"]
[EventDate "2010.12.08"]

1. e4 e6 2. d4 d5 3. Nc3 Bb4 4. Ne2 dxe4 5. a3 Bxc3+ 6. Nxc3 Nc6 7. Bb5 Ne7 8.
Bg5 f6 9. Be3 O-O 10. Qd2 a6 11. Ba4 Nf5 12. Bxc6 bxc6 13. Nxe4 Qd5 14. f3 Nxe3
15. Qxe3 Rb8 16. Qc3 Rd8 17. O-O-O Qa2 18. b4 a5 19. Nc5 axb4 20. axb4 Qd5 21.
Kb2 Bd7 22. Rhe1 Be8 23. Nxe6 Bf7 24. Nxd8 Qa2+ 25. Kc1 Rxd8 26. Re7 Rb8 27.
Rxc7 Qd5 28. Qxc6 Qg5+ 29. Rd2 Qe3 30. Rc8+ Rxc8 31. Qxc8+ Be8 32. Qc4+ Bf7 33.
Qd3 Qe1+ 34. Kb2 h6 35. d5 1-0

[Event "London Chess Classic FIDE Open"]
[Site "London ENG"]
[Date "2010.12.11"]
[Round "4"]
[White "Piper, Matthew S"]
[Black "Yeo, Michael J"]
[Result "1-0"]
[WhiteElo "2343"]
[BlackElo "2183"]
[WhiteFideId "401463"]
[BlackFideId "402257"]
[EventDate "2010.12.08"]

1. e4 e5 2. Nf3 Nc6 3. d4 exd4 4. Nxd4 Nf6 5. Nc3 Bb4 6. Nxc6 bxc6 7. Bd3 d6 8.
Bg5 h6 9. Bh4 g5 10. Bg3 Qe7 11. O-O Bxc3 12. bxc3 h5 13. e5 h4 14. exf6 Qxf6
15. Qe2+ Be6 16. Qe4 Kd7 17. Bxd6 cxd6 18. Rab1 Rhc8 19. f4 Rc7 20. c4 d5 21.
Qe3 dxc4 22. fxg5 Qe7 23. Be4 Ke8 24. g6 f5 25. g7 fxe4 26. Rf8+ Qxf8 27.
gxf8=Q+ Kxf8 28. Qh6+ Ke7 29. Qxh4+ Kd7 30. Qxe4 Rf8 31. Rd1+ Bd5 32. Qxc4 Kc8
33. Qg4+ Kb8 1-0

[Event "London Chess Classic FIDE Open"]
[Site "London ENG"]
[Date "2010.12.11"]
[Round "4"]
[White "Crouch, Colin S"]
[Black "Toubale, Tarek"]
[Result "1/2-1/2"]
[WhiteTitle "IM"]
[WhiteElo "2335"]
[BlackElo "2168"]
[WhiteFideId "400947"]
[BlackFideId "681075"]
[EventDate "2010.12.08"]

1. d4 Nf6 2. Nf3 g6 3. Bg5 Bg7 4. Nbd2 d5 5. e3 Bg4 6. Bd3 c6 7. c3 Nbd7 8. Qc2
Bxf3 9. Nxf3 O-O 10. O-O Re8 11. Rad1 e5 12. dxe5 Nxe5 13. Nxe5 Rxe5 14. Bh4 Qe8
15. Qb3 Re7 16. c4 Rd8 17. cxd5 Rxd5 18. Rc1 Red7 19. Bc4 Rd2 1/2-1/2

[Event "London Chess Classic FIDE Open"]
[Site "London ENG"]
[Date "2010.12.11"]
[Round "4"]
[White "Schweitzer, Werner"]
[Black "Zhou, Yang-Fan"]
[Result "0-1"]
[BlackTitle "FM"]
[WhiteElo "2115"]
[BlackElo "2326"]
[WhiteFideId "1622927"]
[BlackFideId "468584"]
[EventDate "2010.12.08"]

1. e4 c5 2. Nc3 g6 3. f4 Bg7 4. Nf3 Nc6 5. Bb5 Nd4 6. O-O a6 7. Bc4 b5 8. Bd5
Ra7 9. a4 e6 10. Ba2 Qb6 11. d3 Ne7 12. Nxd4 cxd4 13. Ne2 bxa4 14. Ng3 d5 15. f5
exf5 16. exf5 Bxf5 17. Nxf5 Nxf5 18. Qf3 Ne3 19. Rf2 Rd7 20. Bb1 Qb5 21. b3 axb3
22. Ba3 Qa5 23. cxb3 Qe1+ 24. Rf1 Qxf1+ 25. Qxf1 Nxf1 26. Kxf1 Rb7 27. Bc2 Kd7
28. Ke2 Re8+ 29. Kd1 Be5 30. Bb2 Re6 31. Ra4 Rb5 32. g3 f5 33. Bxd4 Bxd4 34.
Rxd4 Kd6 35. Ra4 Ke5 36. Kd2 g5 37. Ke3 Rc6 38. Kd2 d4 39. Bd1 Rh6 40. h4 gxh4
41. gxh4 Rxh4 42. Rxa6 Rh2+ 43. Ke1 Kf4 0-1

[Event "London Chess Classic FIDE Open"]
[Site "London ENG"]
[Date "2010.12.11"]
[Round "4"]
[White "Webb, Laurence E"]
[Black "Lasinskas, Povilas"]
[Result "1/2-1/2"]
[WhiteTitle "FM"]
[BlackTitle "FM"]
[WhiteElo "2322"]
[BlackElo "2162"]
[WhiteFideId "402389"]
[BlackFideId "12800503"]
[EventDate "2010.12.08"]

1. e4 e5 2. Nf3 Nf6 3. Nxe5 d6 4. Nf3 Nxe4 5. Nc3 Nxc3 6. dxc3 Nc6 7. Bf4 Be7 8.
Qd2 Bf5 9. O-O-O Qd7 10. h3 h6 11. Kb1 a6 12. g4 Be4 13. Bg2 f5 14. Rhe1 d5 15.
Ne5 Nxe5 16. Bxe4 fxe4 17. Bxe5 O-O-O 18. c4 Qe6 19. Bxg7 dxc4 20. Bxh8 Rxd2 21.
Rxd2 h5 22. Rde2 Qh6 23. Rxe4 Bb4 24. c3 Bc5 25. Bd4 Bd6 26. Be5 Bc5 27. f4 hxg4
28. hxg4 Qh3 29. g5 Bf2 30. R1e2 Qg3 31. b3 cxb3 32. axb3 a5 33. Kb2 Bc5 34. Rd2
b5 35. Ree2 b4 36. Rg2 bxc3+ 37. Bxc3 Ba3+ 38. Kxa3 Qxc3 39. Ka2 a4 40. bxa4
Qc4+ 41. Kb2 Qb4+ 42. Kc1 Qc3+ 43. Kd1 Qf3+ 44. Ke1 Qe3+ 45. Kf1 Qxf4+ 46. Rdf2
Qc1+ 47. Ke2 Qc4+ 48. Ke3 Qe6+ 49. Kf4 Qd6+ 50. Kg4 Qe6+ 51. Kh5 Qh3+ 52. Kg6
Qh8 53. Rf4 Qg8+ 54. Kh5 Qh7+ 55. Kg4 Qd7+ 56. Kg3 Qd3+ 57. Rf3 Qd6+ 58. Kh3
Qd7+ 59. Rg4 Qh7+ 60. Kg3 Qg6 61. a5 Kb7 62. Rf6 Qd3+ 63. Kh4 Qh7+ 64. Rh6 Qe7
65. Rf4 Qe1+ 66. Kg4 Qd1+ 67. Kf5 Qd5+ 68. Kg6 Qe6+ 69. Rf6 Qe8+ 70. Rf7 Qe6+
71. Rf6 Qe8+ 72. Kf5 Qb5+ 73. Kg4 Qe2+ 74. Kf4 Qf1+ 75. Ke5 Qb5+ 76. Kf4 Qf1+ 1/2-1/2

[Event "London Chess Classic FIDE Open"]
[Site "London ENG"]
[Date "2010.12.11"]
[Round "4"]
[White "Valenti, Richard"]
[Black "Getz, Nicolai"]
[Result "0-1"]
[WhiteElo "2124"]
[BlackElo "2317"]
[WhiteFideId "602752"]
[BlackFideId "1505572"]
[EventDate "2010.12.08"]

1. e4 e5 2. Nc3 Bc5 3. g3 Nc6 4. Bg2 a6 5. d3 Nge7 6. Nge2 O-O 7. O-O d6 8. h3
f5 9. Nd5 fxe4 10. dxe4 Nxd5 11. exd5 Nd4 12. Nc3 Qf6 13. Ne4 Qg6 14. g4 h5 15.
gxh5 Qf5 16. Be3 Ba7 17. c3 Nf3+ 18. Qxf3 Qxf3 19. Bxf3 Rxf3 20. Ng5 Rxe3 21.
fxe3 Bxe3+ 22. Kg2 Bxg5 23. Rae1 Bd7 24. Re4 Re8 25. a4 c6 26. Rb4 b5 27. axb5
axb5 28. c4 bxc4 29. h4 Bh6 30. Rxc4 cxd5 31. Rc7 Bb5 32. Ra7 Bd3 33. b4 e4 0-1

[Event "London Chess Classic FIDE Open"]
[Site "London ENG"]
[Date "2010.12.11"]
[Round "4"]
[White "Eggleston, David J"]
[Black "Wheldon, Philip"]
[Result "1-0"]
[WhiteTitle "FM"]
[WhiteElo "2307"]
[BlackElo "2125"]
[WhiteFideId "412120"]
[BlackFideId "407402"]
[EventDate "2010.12.08"]

1. e4 c5 2. Nf3 d6 3. d4 cxd4 4. Nxd4 Nf6 5. Nc3 Nc6 6. Bg5 e6 7. Qd2 a6 8.
O-O-O h6 9. Nxc6 bxc6 10. Bf4 d5 11. Be2 Be7 12. Qe3 Nd7 13. Qg3 Bg5 14. h4
Bxf4+ 15. Qxf4 O-O 16. g4 d4 17. Na4 Qa5 18. b3 Nc5 19. Nxc5 Qxc5 20. e5 f6 21.
Qxd4 Qxd4 22. Rxd4 fxe5 23. Re4 Rxf2 24. Rxe5 Ra7 25. Re1 Rh2 26. h5 Rf7 27. Rc5
Rff2 28. Bd3 Kf8 29. Rxc6 Bd7 30. Rxa6 Bb5 31. Bxb5 1-0

[Event "London Chess Classic FIDE Open"]
[Site "London ENG"]
[Date "2010.12.11"]
[Round "4"]
[White "Afek, Yochanan"]
[Black "Tozer, Philip"]
[Result "1-0"]
[WhiteTitle "IM"]
[WhiteElo "2283"]
[BlackElo "2123"]
[WhiteFideId "2800462"]
[BlackFideId "419982"]
[EventDate "2010.12.08"]

1. e4 e6 2. d4 d5 3. e5 c5 4. c3 Nc6 5. Nf3 Bd7 6. a3 f6 7. Bd3 Qc7 8. Bf4 O-O-O
9. b4 c4 10. Bc2 h6 11. h4 f5 12. h5 Be8 13. Nbd2 Nf6 14. b5 Nxh5 15. Rxh5 Bxh5
16. bxc6 bxc6 17. Nf1 g5 18. Bc1 Qa5 19. Bd2 Rd7 20. Ng3 Bg4 21. Qc1 Bxf3 22.
gxf3 f4 23. Nh5 c5 24. Rb1 Rb7 25. Rxb7 Kxb7 26. Qb2+ Kc7 27. a4 Be7 28. Ng7 Qa6
29. Bg6 Rb8 30. Qc2 Rb3 31. Be8 cxd4 32. cxd4 Qb6 33. a5 Rb1+ 34. Ke2 Qb3 35.
Nxe6+ Kc8 36. Ba4 Qxc2 37. Bxc2 Rh1 38. Bf5 Kb7 39. Nc5+ Kc6 40. Bb4 Kb5 41. Ba3
Kc6 42. Bd7+ Kc7 43. Bb5 Rb1 44. Be8 Kd8 45. Bf7 Ra1 46. Nb7+ Kd7 47. e6+ Kc6
48. Bxe7 Ra2+ 49. Kd1 Kxb7 50. Bb4 1-0

[Event "London Chess Classic FIDE Open"]
[Site "London ENG"]
[Date "2010.12.11"]
[Round "4"]
[White "Mcgowan, Daniel"]
[Black "Merriman, John"]
[Result "1/2-1/2"]
[WhiteElo "2082"]
[BlackElo "2259"]
[WhiteFideId "2401479"]
[BlackFideId "402362"]
[EventDate "2010.12.08"]

1. e4 e6 2. d4 d5 3. Nd2 Nf6 4. e5 Nfd7 5. Bd3 c5 6. c3 Nc6 7. Ne2 Qb6 8. Nf3
cxd4 9. cxd4 f6 10. exf6 Nxf6 11. O-O Bd6 12. b3 O-O 13. Bb2 Bd7 14. Ng3 a5 15.
a3 Bf4 16. Bc2 Rac8 17. Ne5 Be8 18. Nxc6 Qxc6 19. Bd3 Qb6 20. b4 axb4 21. axb4
Bb5 22. Re1 Bxd3 23. Qxd3 Rc4 24. Qe2 Re8 25. Nh5 Nxh5 26. Qxh5 g6 27. Qg4 Bd2
28. Re2 Bxb4 29. h4 Kg7 30. h5 Rc6 31. hxg6 hxg6 32. Re3 Bd6 33. Bc1 Rh8 34. Rh3
Rcc8 35. Re3 Rce8 36. g3 Bb4 37. Rb1 Qa6 38. Qe2 Qxe2 39. Rxe2 Rc8 40. Bf4 Be7
41. Rxb7 Kf7 42. Rb6 g5 43. Rbxe6 Rce8 44. Bd2 Bf6 45. Rxe8 Rxe8 1/2-1/2

[Event "London Chess Classic FIDE Open"]
[Site "London ENG"]
[Date "2010.12.11"]
[Round "4"]
[White "Rudd, Jack"]
[Black "Sreeves, Clement"]
[Result "1-0"]
[WhiteTitle "IM"]
[WhiteElo "2253"]
[BlackElo "2104"]
[WhiteFideId "405736"]
[BlackFideId "2402564"]
[EventDate "2010.12.08"]

1. e4 c5 2. Nf3 d6 3. Nc3 Nf6 4. e5 dxe5 5. Nxe5 Qc7 6. d4 cxd4 7. Qxd4 Nc6 8.
Nxc6 bxc6 9. Bf4 Qb6 10. O-O-O Bb7 11. Nb5 1-0